| 000 | 00628nam a22002057a 4500 | ||
|---|---|---|---|
| 003 | DO-SdBNP | ||
| 005 | 20180215145929.0 | ||
| 008 | 161207b 1995 xxu a 00| 0 spa d | ||
| 020 | _a9781574710397 | ||
| 040 |
_aBPMSU _bspa _cBPMSU |
||
| 082 | 4 |
_axxxx _bxxxx |
|
| 100 | 1 | _aWilliams Lanczak, Rozannne | |
| 245 | 1 |
_aCuidemos la tierra / _cRozanne Lanczak Williams ; ilustraciones Neena Chawla |
|
| 260 |
_aEstados Unidos : _bCreative Teaching, _c1995. |
||
| 300 |
_a16 p. : _bil., _c16 cm. |
||
| 700 | 1 |
_aChawla, Neena, _eil. |
|
| 942 |
_2ddc _cBK |
||
| 945 | _aInventariado, 2018 / BT | ||
| 956 |
_aBTAVĂREZ _b10 _d20160712 _fBPMSU _h0038 |
||
| 999 |
_c12342 _d12342 |
||